Statistics for Philadelphia 76ers 2016-17 Roster

Click here to take the quiz!

General Stats

  • This quiz has been taken 216 times
    (119 since last reset)
  • The average score is 7 of 22

Answer Stats

NbrPostPlayerG% Correct
21CJoel Embiid31
96%
33SFRobert Covington67
59%
-Head CoachBrett Brown-
55%
8CJahlil Okafor50
51%
9PFDario Saric81
48%
4CNerlens Noel29
46%
1PGT.J. McConnell81
38%
22CRichaun Holmes57
28%
39PFJerami Grant2
26%
7PFErsan Ilyasova53
25%
0PFJerryd Bayless3
25%
31SGHollis Thompson31
23%
11SGNik Stauskas80
23%
23SFJustin Anderson24
22%
14PGSergio Rodriguez68
20%
12SGGerald Henderson72
18%
20SFTimothe Luwawu-Cabarrot69
18%
36CShawn Long18
12%
5PGChasson Randle8
11%
5PFAlex Poythress6
8%
47CTiago Splitter8
8%
30PFJustin Harper3
6%

Score Distribution

Percentile by Number Answered

Percent of People with Each Score

Your Score History

You have not taken this quiz since the last reset